Pajaros sudamericanos /

Bibliographic Details
Main Author: Santos Gollan, Jose
Other Authors: Lopez, Rogelio Bartolomé
Format: Book
Language:Spanish
Published: Buenos Aires : Editiorial Codex, [1947]
Series:Biblioteca de ornitologia americana
Subjects:

MARC

Tag First Indicator Second Indicator Subfields
LEADER 00000cam a2200000 4500
001 in00000040526
005 20151007074448.0
008 751114s1947 ag a 000 0 spa
010 |a  49020027  
035 |a (OCoLC)01836084 
035 |9 AAF1560AM 
040 |a DLC  |c FQG  |d TXA  |d UtOrBLW 
043 |a s------ 
049 |a TXAM  |c [174633] 
050 0 0 |a QL689.A1  |b S3 
082 0 0 |a 598.298 
092 |a 598.2  |b S237p 
100 1 |a Santos Gollan, Jose. 
245 1 0 |a Pajaros sudamericanos /  |c [por] Jose Santos Gollan (h) [y] Rogelio B. Lopez. Laminas de Axel Amuchastegui. 
264 1 |a Buenos Aires :  |b Editiorial Codex,  |c [1947] 
264 4 |c [©1947] 
300 |a 147 pages :  |b color illustrations ;  |c 32 cm. 
336 |a text  |b txt  |2 rdacontent 
337 |a unmediated  |b n  |2 rdamedia 
338 |a volume  |b nc  |2 rdacarrier 
490 0 |a Biblioteca de ornitologia americana 
500 |a "Colección dirigida por Adolfo D. Holmberg." 
650 0 |a Birds  |z South America. 
650 0 |a Birds  |v Pictorial works. 
700 1 |a Lopez, Rogelio Bartolomé. 
949 |a updated  |b h  |c 2006/3/6  |e fpiscitelli  |f 3:21:46 pm 
999 |a MARS 
999 f f |s 65b22df5-867a-3edd-b6b6-d5da5b4734d3  |i a6fc49e6-86c2-3dcc-89ab-ea03d5fbb7c7  |t 0 
952 f f |p ric  |a Texas A&M University  |b Rellis Campus  |c Joint Library Facility  |d Remote Storage  |t 0  |e QL689.A1 S3  |h Library of Congress classification  |i unmediated -- volume  |m A14801022230 
998 f f |a QL689.A1 S3  |t 0  |l Remote Storage